<?xml version="1.0" encoding="UTF-8"?><record xmlns="http://www.loc.gov/MARC21/slim" xmlns:zs="http://docs.oasis-open.org/ns/search-ws/sruResponse">
  <leader>03560nam a22004693i 4500</leader>
  <controlfield tag="001">22062039</controlfield>
  <controlfield tag="005">20250607105744.0</controlfield>
  <controlfield tag="006">m    |o  d |      </controlfield>
  <controlfield tag="007">cr |||||||||||</controlfield>
  <controlfield tag="008">210525s1233    xx |||||o|||||||| ||heb  </controlfield>
  <datafield ind1=" " ind2=" " tag="035">
    <subfield code="a">22062039</subfield>
  </datafield>
  <datafield ind1=" " ind2=" " tag="906">
    <subfield code="a">0</subfield>
    <subfield code="b">ibc</subfield>
    <subfield code="c">orignew</subfield>
    <subfield code="d">u</subfield>
    <subfield code="e">ncip</subfield>
    <subfield code="f">20</subfield>
    <subfield code="g">y-gencatlg</subfield>
  </datafield>
  <datafield ind1=" " ind2=" " tag="955">
    <subfield code="a">LCAP batch update 2025-06-02-04:00: LCAPM-988</subfield>
  </datafield>
  <datafield ind1=" " ind2=" " tag="010">
    <subfield code="a">  2021668168</subfield>
  </datafield>
  <datafield ind1=" " ind2=" " tag="035">
    <subfield code="a">(WDL)18186</subfield>
  </datafield>
  <datafield ind1=" " ind2=" " tag="040">
    <subfield code="a">DLC</subfield>
    <subfield code="b">eng</subfield>
    <subfield code="c">DLC</subfield>
  </datafield>
  <datafield ind1=" " ind2=" " tag="041">
    <subfield code="a">heb</subfield>
  </datafield>
  <datafield ind1=" " ind2=" " tag="080">
    <subfield code="a">221</subfield>
  </datafield>
  <datafield ind1=" " ind2=" " tag="080">
    <subfield code="a">296</subfield>
  </datafield>
  <datafield ind1="0" ind2="0" tag="245">
    <subfield code="a">Commentary on the Hebrew Bible by Rashi.</subfield>
  </datafield>
  <datafield ind1="3" ind2="1" tag="246">
    <subfield code="a">Bibelkommentar</subfield>
  </datafield>
  <datafield ind1=" " ind2=" " tag="260">
    <subfield code="a">Würzburg, Germany :</subfield>
    <subfield code="b">[publisher not identified],</subfield>
    <subfield code="c">1233.</subfield>
  </datafield>
  <datafield ind1=" " ind2=" " tag="300">
    <subfield code="a">1 online resource.</subfield>
  </datafield>
  <datafield ind1=" " ind2=" " tag="336">
    <subfield code="a">text</subfield>
    <subfield code="b">txt</subfield>
    <subfield code="2">rdacontent</subfield>
  </datafield>
  <datafield ind1=" " ind2=" " tag="337">
    <subfield code="a">computer</subfield>
    <subfield code="b">c</subfield>
    <subfield code="2">rdamedia</subfield>
  </datafield>
  <datafield ind1=" " ind2=" " tag="338">
    <subfield code="a">online resource</subfield>
    <subfield code="b">cr</subfield>
    <subfield code="2">rdacarrier</subfield>
  </datafield>
  <datafield ind1=" " ind2=" " tag="500">
    <subfield code="a">Title devised, in English, by Library staff.</subfield>
  </datafield>
  <datafield ind1=" " ind2=" " tag="500">
    <subfield code="a">"BSB shelfmark: Cod.hebr. 5(1, Cod.hebr. 5(2|This description of the work was written by Hans Striedl of the Bavarian State Library."--Note extracted from World Digital Library.</subfield>
  </datafield>
  <datafield ind1=" " ind2=" " tag="500">
    <subfield code="a">Original resource extent: 2 volumes : illustrated ; 39 x 28.5 centimeters.</subfield>
  </datafield>
  <datafield ind1=" " ind2=" " tag="520">
    <subfield code="a">There are numerous commentaries on the Hebrew Bible that were produced by Jewish scholars. One of the most famous of these scholars was Rashi (Shelomoh ben Yitshak, 1040-1105) from Troyes, in northern France, responsible for the commentary preserved in this two-volume manuscript. The text, written in three columns, does not cover the Book of Proverbs and does not contain the text of the Bible itself. It also includes a number of texts not connected with the commentary. The majority of the manuscript is taken up by the commentary of Rashi, augmented by passages from the Midrash and additions of other commentators. The commentary on the major prophets and on some books of the Hagiographa (the section of the Hebrew Bible, also known as the Writings, comprised of Ruth, Psalms, Job, Proverbs, Ecclesiastes, Song of Solomon, Lamentations, Daniel, Esther, Ezra, Nehemiah, and Chronicles) is written by other authors, chiefly by Josef Kara, an 11th-century disciple of Rashi's. The manuscript is of outstanding importance on account of its iconography. It is the oldest illuminated Hebrew manuscript of German origin, unique both in its style and in the program of its illustration. The 17 color miniatures and ornaments reveal a clear connection with the late-Romanesque Christian iconography in illuminated Latin manuscripts in use at this time in the region around Würzburg, Bavaria. Written by two different scribes by 1233, it became part of the collection of Johann Jakob Fugger in the 16th century. In 1571 it was sold to the Duke of Bavaria, Albrecht V, and it has remained in the Munich Court Library, predecessor of the present-day Bavarian State Library, ever since.</subfield>
  </datafield>
  <datafield ind1="1" ind2=" " tag="535">
    <subfield code="3">Original resource at:</subfield>
    <subfield code="a">Bavarian State Library.</subfield>
  </datafield>
  <datafield ind1=" " ind2=" " tag="546">
    <subfield code="a">Content in Hebrew.</subfield>
  </datafield>
  <datafield ind1="0" ind2=" " tag="588">
    <subfield code="a">Description based on data extracted from World Digital Library, which may be extracted from partner institutions.</subfield>
  </datafield>
  <datafield ind1=" " ind2="0" tag="653">
    <subfield code="a">1233</subfield>
  </datafield>
  <datafield ind1=" " ind2="0" tag="653">
    <subfield code="a">Bible--Commentaries</subfield>
    <subfield code="a">Bible. Old Testament</subfield>
    <subfield code="a">Codex</subfield>
    <subfield code="a">Illuminations</subfield>
    <subfield code="a">Miniatures (Illuminations)</subfield>
  </datafield>
  <datafield ind1=" " ind2=" " tag="720">
    <subfield code="a">Kara, Joseph, born approximately 1065</subfield>
    <subfield code="e">Contributor.</subfield>
  </datafield>
  <datafield ind1=" " ind2=" " tag="720">
    <subfield code="a">Rashi, 1040-1105</subfield>
    <subfield code="e">Author.</subfield>
  </datafield>
  <datafield ind1=" " ind2=" " tag="752">
    <subfield code="a">France</subfield>
    <subfield code="b">Alsace</subfield>
    <subfield code="d">Troyes</subfield>
  </datafield>
  <datafield ind1="0" ind2=" " tag="773">
    <subfield code="t">Illuminated Manuscripts from Europe</subfield>
  </datafield>
  <datafield ind1="4" ind2="0" tag="856">
    <subfield code="d">gdcwdl</subfield>
    <subfield code="f">wdl_18186</subfield>
    <subfield code="u">https://hdl.loc.gov/loc.wdl/wdl.18186</subfield>
  </datafield>
  <datafield ind1=" " ind2=" " tag="985">
    <subfield code="a">wdl/wdlpartner/wdlbavsb</subfield>
  </datafield>
  <datafield ind1=" " ind2=" " tag="991">
    <subfield code="b">s-Online</subfield>
    <subfield code="h">Electronic Resource</subfield>
  </datafield>
</record>
